| 000 | 00745nam a2200229Ia 4500 | ||
|---|---|---|---|
| 005 | 20250508165830.0 | ||
| 008 | 008 250505s9999 xx 000 0 eng d | ||
| 020 | _a978-1-4739-6747-2 | ||
| 037 | _aReference | ||
| 040 |
_aFEDL _beng _cFEDL |
||
| 041 |
_aeng _2eng |
||
| 084 |
_a370.117, REN/RR _qFEDL |
||
| 100 |
_aRodriguez Eleanor Renee _9782115 |
||
| 245 | 0 | _aWhat is it about me you can't teach?: Culturally responsive instruction in deeper learning classrooms | |
| 250 | _a3 | ||
| 260 |
_aThousand Oaks, Calfornia _bCorwin Press _c2017 |
||
| 300 | _axx, 303p. | ||
| 365 |
_aUSD _b43.95 |
||
| 700 |
_a Bellanca James Esparza Deborah Rosalia _9782116 |
||
| 942 |
_cREF _h370.117, REN/RR |
||
| 999 |
_c1397717 _d1397717 |
||